01334nam a2200325 a 4500001001000000003000500010005001700015008004100032010001100073011001100084040000900095090001000104100004600114245016700160260004100327500006000368502007900428590004100507590004000548590004000588650003500628650004500663650005700708856007000765901000700835942001000842942000600852999001900858952013100877000115021CHAP20220329144510.0180907s2018 mx |sm |||||||spa d a111482 a112454 cCHAP aTesis1 aGarcía Ramírez, Nancy Magaly.913543910aDinámica nutrimental en un sistema acuapónico jitomate (Solanum Lycopersicum L.) tilapia (Oreochromis sp.)h[En línea]cpor Nancy Magaly García Ramírez. aChapingo, Méx. :bEl autor,c2018. aPara ver el contenido del material haga clic en la liga aTesis (Agr. en Horticultura Protegida) -- UACH. Departamento de Fitotecnia aBATCH-UPDb05c20180907lUCH01h0900 aE5765TAJb05c20180907lUCH01h0900 aE5765TAJb05c20181002lUCH01h105114aSoluciones nutritivas.910852714aTilapiaxCultivos acuapónicos.912635814aTomatexCultivos acuapónicosxRendimiento.9126357 aFinding aiduhttp://10.13.5.2/tesis/sist115021.pdfzTeclea aquí aBK cTESIS n0 c111482d111482 00104054718TESISaBCbBCd2018-09-07fTESISl0oTesisp115031-10r2019-12-31 00:00:00w2019-12-31yTESISzRecien adquirido